Gaming Quiz

Random Gaming Quiz

Assassin's Creed Revelations Bombs Quiz Stats

 Plays Quiz not verified by Sporcle

Also try: Color in Pikachu
Challenge
Share
Tweet
Embed
Score 0/10 Timer 03:00
0 Plays Today
Type Of Bomb % Correct
Diversion BombCherry Bomb
82.1%
Tactical BombBlood Bomb
57.5%
Lethal BombThunder Bomb
53.7%
Tactical BombCaltrop Bomb
51.5%
Lethal BombDatura Bomb
51.5%
Lethal BombSplinter Bomb
51.5%
Tactical BombSmoke Screen
48.5%
Diversion BombGold Bomb
42.5%
Tactical BombStink Bomb
34.3%
Diversion BombSmoke Decoy
20.9%

You're not logged in!

Compare scores with friends on all Sporcle quizzes.
OR
Log In

You Might Also Like...

Show Comments

Extras

Created Jan 11, 2012ReportNominate
Tags:assassin, bomb, creed, revelation

Top Quizzes Today


Score Distribution

Your Account Isn't Verified!

In order to create a playlist on Sporcle, you need to verify the email address you used during registration. Go to your Sporcle Settings to finish the process.

Report this User

Report this user for behavior that violates our Community Guidelines.

Details: